| 000 | 01011cad a22002175a 4500 | ||
|---|---|---|---|
| 001 | L155106 | ||
| 008 | 120301s2012 xxkd f s 000 0 eng d | ||
| 035 | _a(Sirsi) u155106 | ||
| 041 | 0 | _aeng | |
| 050 | 0 | 4 | _a332.6324 $2 18 |
| 110 | 2 |
_aInvestment Property Databank _92288 |
|
| 245 | 0 | 0 |
_aIPD UK residential investment index 2011 _bresults for the year ending 31 December 2011 _h[electronic resource] |
| 260 |
_aLondon _bIPD _c2012 |
||
| 520 | _aMeasures ungeared total returns to directly held standing property investments from one open market valuation to the next. Total return index, total return%, income return%, capital growth% and annualised total return%. Index covers 2001-2011. | ||
| 590 | _aKA NTK | ||
| 650 | 2 | 4 | _aIPD UK RESIDENTIAL INVESTMENT INDEX |
| 651 | 4 |
_aUnited Kingdom _y |
|
| 690 |
_aInvestments _96250 |
||
| 856 | 4 | 0 |
_uhttps://www1.ipd.com/Pages/DNNPage.aspx?DestUrl=http%3a%2f%2fwww.ipd.com%2fsharepoint.aspx%3fTabId%3d1006 _zView the item free of charge at www.ipd.com |
| 942 | _n0 | ||
| 999 |
_c113325 _d113325 |
||